000 00615nam a22002171 4500
001 33949
003 BD-RjUL
005 20211209052102.0
008 140512s1961 enk 001 0 eng d
035 _aCURL Interim file ISBN02 record 107413
_a(BD-RjUL)34041
040 _aBD-RjUL
_beng
_cBD-RjUL
_dBD-RjUL
041 _aeng
082 _a179
_bANW 1961
100 1 _aAnderson, Nels
_9103177
245 1 0 _aWork and leisure /
_cAnderson, Nels
260 _aLondon :
_bRoutledge & Kegan Paul,
_c1961.
300 _axiv, 265 p ;
_c28 cm
504 _aIncludes index.
650 _aLeisure
_9103178
942 _2ddc
_cBK
999 _c33949
_d33949